Nazwij kraj w Europie - Statystyki

Ogólne statystyki
  • Ten quiz został rozwiązany 169 razy
  • Średni wynik to 13 z 15
Statystyki odpowiedzi
Wskazówka Odpowiedź % Poprawnych
Jest podzielony na województwa Polska
100%
Są w nim takie kluby jak Real Madryt i FC Barcelona Hiszpania
95%
Zaczyna się na literę Ł Łotwa
95%
Rozpoczął drugą wojnę światową Niemcy
95%
Jest najmniejszym krajem świata Watykan
95%
Ma stolicę Amsterdam Holandia
94%
Połączył się z Polską w 1569 Litwa
92%
Ma najwięcej populacji w Europie Rosja
92%
Stworzono w nim klocki Lego Dania
89%
Stworzył imperium otaczające morze śródziemne Włochy
88%
Jest w całości otoczony przez morze śródziemne Malta
84%
Ma najdłuższą linię brzegową w Europie Norwegia
84%
Stworzył największe imperium kolonialne w historii Wielka brytania
84%
Ma pomarańczowy pasek na swojej fladze Irlandia
75%
Ma pięcioliterową stolicę na literę v Liechtenstein
67%
Nie znaleziono quizów pasujących do podanych kryteriów
Rozkład punktacji
Procent ludzi z każdym wynikiem
Percentyl według liczby udzielonych odpowiedzi
Twoja historia wyników
Nie rozwiązałeś tego quizu